书目信息 |
| 题名: |
史上第一混乱
|
|
| 作者: | 张小花 著 | |
| 分册: | 第二季 山寨武校 | |
| 出版信息: | 合肥 黄山书社 2009.01 |
|
| 页数: | 306页 | |
| 开本: | 24cm | |
| 丛书名: | ||
| 单 册: | ||
| 中图分类: | I247.59 | |
| 科图分类: | ||
| 主题词: | 长篇小说--chang pian xiao shuo--中国--现代 | |
| 电子资源: | ||
| ISBN: | 978-7-5461-0256-6 | |
| 000 | 01001nam0 2200241 450 | |
| 001 | 012010744185 | |
| 005 | 20100411193223.81 | |
| 010 | @a978-7-5461-0256-6@dCNY26.80 | |
| 100 | @a20100411d2009 em y0chiy0120 ea | |
| 101 | 0 | @achi |
| 102 | @aCN@b340000 | |
| 105 | @ay z 000ay | |
| 106 | @ar | |
| 200 | 1 | @a史上第一混乱@Ashi shang di yi hun luan@h第二季@i山寨武校@f张小花著@Fzhang xiao hua zhu |
| 210 | @a合肥@c黄山书社@d2009.01 | |
| 215 | @a306页@d24cm | |
| 330 | @a本书内容简介: 我,小强,没招谁没惹谁,被一个名叫刘老六的神仙老头忽悠成了神仙预备役,也就是见习神仙,专门接待穿越而来的历史大佬。为了安置络绎不绝的穿越客户,我创办了一所山寨武校——育才文武学校:三百岳家军是这里免费入学的学生,五十四条梁山好友则是学校的老师……令人喷饭的故事继续上演。 | |
| 517 | 1 | @a山寨武校@Ashan zhai wu xiao |
| 606 | 0 | @a长篇小说@Achang pian xiao shuo@y中国@z现代 |
| 690 | @aI247.59@v4 | |
| 701 | 0 | @a张小花@Azhang xiao hua@4著 |
| 801 | 0 | @aCN@bQSSK@c20100411 |
| 905 | @b777199-201@dI247.59@eZ212:2@f3 | |
| 史上第一混乱.第二季.山寨武校/张小花著.-合肥:黄山书社,2009.01 |
| 306页;24cm |
| ISBN 978-7-5461-0256-6:CNY26.80 |
| 本书内容简介: 我,小强,没招谁没惹谁,被一个名叫刘老六的神仙老头忽悠成了神仙预备役,也就是见习神仙,专门接待穿越而来的历史大佬。为了安置络绎不绝的穿越客户,我创办了一所山寨武校——育才文武学校:三百岳家军是这里免费入学的学生,五十四条梁山好友则是学校的老师……令人喷饭的故事继续上演。 |
| ● |
| 相关链接 |
|
|
|
正题名:史上第一混乱
索取号:I247.59/Z212:2
 
预约/预借
| 序号 | 登录号 | 条形码 | 馆藏地/架位号 | 状态 | 备注 |
| 1 | 777199 | 207771990 | 文学库108/108文学库 57排8列2层/ [索取号:I247.59/Z212:2] | 在馆 | |
| 2 | 777200 | 207772007 | 文学库108/108文学库 57排8列2层/ [索取号:I247.59/Z212:2] | 在馆 | |
| 3 | 777201 | 207772016 | 文学库108/ [索取号:I247.59/Z212:2] |
已借出,限还日期为2037.02.16 借出人:中级法院 |